[Event "Porto Alegre op"]
[Site "Porto Alegre"]
[Date "2023.08.27"]
[Round "4"]
[White "Formolo, Rafael Marcos"]
[Black "Pereira, Armando Scharlau"]
[Result "0-1"]
[WhiteElo "1747"]
[BlackElo "1564"]
[PlyCount "116"]
[EventDate "2023.08.25"]
[EventType "swiss"]
[EventRounds "5"]
[EventCountry "BRA"]
[SourceTitle "EXT 2024"]
[Source "ChessBase"]
[SourceDate "2023.10.10"]
[SourceVersion "1"]
[SourceVersionDate "2023.10.10"]
[SourceQuality "1"]

1. e4 e6 2. c4 d5 3. exd5 exd5 4. d4 Nf6 5. Nc3 Be7 6. Nf3 0-0 7. Bd3 Bg4 8. Be3 c6 9. Qb3 dxc4 10. Bxc4 Bxf3 11. gxf3 b5 12. Bd3 Na6 13. 0-0-0 Nb4 14. Bb1 a5 15. a4 bxa4 16. Nxa4 Qd5 17. Qxd5 cxd5 18. Kd2 Bd6 19. Rc1 Rac8 20. h4 Nh5 21. Bf5 Rxc1 22. Rxc1 Nf4 23. Nc5 g6 24. Nb7 Bb8 25. Bb1 h5 26. Nxa5 Ng2 27. Bh6 Re8 28. Bg5 Nxh4 29. Kc3 Nxf3 30. Kxb4 Nxg5 31. Rc6 Nf3 32. Kc5 Ba7+ 33. Kxd5 Bxd4 34. Nc4 Rd8+ 35. Ke4 Ng5+ 36. Kf4 Ne6+ 37. Kg3 h4+ 38. Kxh4 Bxf2+ 39. Kh3 Bd4 40. Kg3 Kg7 41. b3 Rb8 42. Nd2 Be3 43. Nf3 Rxb3 44. Ba2 Bf4+ 45. Kg4 f5+ 46. Kh3 Rxf3+ 47. Kg2 Nd4 48. Ra6 Rc3 49. Ra4 Be5 50. Ra7+ Kh6 51. Bg8 Rc2+ 52. Kf1 Kg5 53. Rd7 Kf4 54. Bh7 g5 55. Rf7 Rc1+ 56. Kg2 Kg4 57. Re7 Bf4 58. Rf7 Be3 0-1

[Event "Porto Alegre op"]
[Site "Porto Alegre"]
[Date "2023.08.25"]
[Round "1"]
[White "Bittencourt, Luis F Da Silva"]
[Black "Formolo, Rafael Marcos"]
[Result "1/2-1/2"]
[WhiteElo "1786"]
[BlackElo "1747"]
[PlyCount "115"]
[EventDate "2023.08.25"]
[EventType "swiss"]
[EventRounds "5"]
[EventCountry "BRA"]
[SourceTitle "EXT 2024"]
[Source "ChessBase"]
[SourceDate "2023.10.10"]
[SourceVersion "1"]
[SourceVersionDate "2023.10.10"]
[SourceQuality "1"]

1. c4 Nf6 2. g3 g6 3. Bg2 Bg7 4. Nc3 c5 5. e3 0-0 6. Nge2 Nc6 7. 0-0 d6 8. d4 cxd4 9. exd4 Bf5 10. a3 Qc8 11. Re1 h5 12. Bg5 Bh3 13. Bh1 Qf5 14. Bxf6 Bxf6 15. Be4 Qg5 16. Nf4 Bg4 17. Nce2 h4 18. f3 Bf5 19. Bxf5 gxf5 20. Kh1 Kh8 21. Nh3 Qe3 22. Neg1 Qxd4 23. Qc2 hxg3 24. Qxf5 g2+ 25. Kxg2 Rg8+ 26. Kh1 Qe5 27. Qf4 Qh5 28. Rad1 Be5 29. Qe4 Rxg1+ 30. Rxg1 Qxh3 31. f4 f5 32. Rd3 Qh7 33. Qf3 Bd4 34. Rg2 Rg8 35. Qh3 Rxg2 36. Qxg2 Bg7 37. Rh3 Bh6 38. Qf2 Qg6 39. b4 Qf6 40. Rh5 Kh7 41. Qg3 Qa1+ 42. Kg2 Qb2+ 43. Kh3 Qg7 44. Qg5 Qg6 45. b5 Nd8 46. Qxf5 Qxf5+ 47. Rxf5 Kg6 48. Kg4 Ne6 49. h4 Nc5 50. Rh5 e6 51. f5+ exf5+ 52. Rxf5 Bc1 53. h5+ Kg7 54. Rd5 Ne4 55. Kf5 Ng3+ 56. Kg4 Ne4 57. Kf5 Ng3+ 58. Kg4 1/2-1/2

[Event "Florianopolis op 6th"]
[Site "Florianopolis"]
[Date "2020.01.26"]
[Round "10"]
[White "Pedroso, Denian"]
[Black "Formolo, Rafael Marcos"]
[Result "1/2-1/2"]
[WhiteElo "1873"]
[BlackElo "1665"]
[PlyCount "85"]
[EventDate "2020.01.20"]
[EventType "swiss"]
[EventRounds "10"]
[EventCountry "BRA"]
[SourceTitle "CBM 194 Extra"]
[Source "ChessBase"]
[SourceDate "2020.03.31"]
[SourceVersion "1"]
[SourceVersionDate "2020.03.31"]
[SourceQuality "1"]

1. e4 c5 2. Nf3 d6 3. d4 cxd4 4. Nxd4 Nf6 5. Nc3 a6 6. g3 b6 7. Bg2 Bb7 8. 0-0 Nbd7 9. a4 Rc8 10. Qe2 g6 11. Nd5 Bg7 12. Be3 0-0 13. Rfd1 e5 14. Nb3 Nxd5 15. exd5 f5 16. c4 Nc5 17. Ra3 f4 18. Bxc5 bxc5 19. Nd2 a5 20. Ne4 Ba6 21. Nc3 f3 22. Bxf3 Bxc4 23. Qxc4 Rxf3 24. Qg4 Rf5 25. Ne4 Qb6 26. Rd2 Rcf8 27. Qd1 Rb8 28. Rdd3 c4 29. Rd2 Bh6 30. Rc2 Rbf8 31. Rac3 Qd4 32. Qe2 Qxd5 33. Rxc4 Rf3 34. Rc6 Be3 35. fxe3 Qxe4 36. Qc4+ Qxc4 37. R2xc4 Rxe3 38. Rxd6 Re1+ 39. Kg2 Re2+ 40. Kh3 Kg7 41. Rc7+ Kh6 42. Kg4 Re4+ 43. Kh3 1/2-1/2